| 000 | 00526nam a2200205 i 4500 | ||
|---|---|---|---|
| 001 | bg | ||
| 245 | 0 |
_aVergaserhandbuch / _cAutodata. |
|
| 254 | _a92-2001 | ||
| 260 |
_aBerkshire : _bAutodata, _c1992. |
||
| 300 |
_a800 s. : _brys. ; _c30 cm. |
||
| 501 | _azam. Skowroński tel.232. | ||
| 650 | 9 | _asamochody osobowe europejskie | |
| 650 | 9 | _asamochody osobowe japońskie | |
| 650 | 9 | _agaźnik | |
| 040 | _cBPK | ||
| 041 | _ade | ||
| 080 | _a629.114:621.43 | ||
| 942 | _cKA | ||
| 008 | s pl f |000 0 pol | ||
| 999 |
_c24145 _d24145 |
||
| 856 |
_uhttp://koha.tu.koszalin.pl/cgi-bin/koha/opac-detail.pl?biblionumber=24145 _yKatalog online BPK |
||